ბათუმის შოთა რუსთაველის სახელმწიფო უნივერსიტეტის ბიბლიოთეკა

Paris Match, du 20 au26 septembre. №3619. 2018 (ბიბ.ჩანაწერი № 56458)

000 -LEADER
fixed length control field 00475nam a2200181Ia 4500
001 - CONTROL NUMBER
control field 23571
003 - CONTROL NUMBER IDENTIFIER
control field GE_BSU
008 - FIXED-LENGTH DATA ELEMENTS--GENERAL INFORMATION
fixed length control field 181216s||||||||xx |||||||||||||| ||und||
040 ## - CATALOGING SOURCE
Transcribing agency GE_BSU
245 ## - TITLE STATEMENT
Title Paris Match, du 20 au26 septembre. №3619. 2018
260 ## - PUBLICATION, DISTRIBUTION, ETC.
Place of publication, distribution, etc. paris
260 ## - PUBLICATION, DISTRIBUTION, ETC.
Date of publication, distribution, etc. 2018
300 ## - PHYSICAL DESCRIPTION
Extent 115;ill;29cm;
653 ## - INDEX TERM--UNCONTROLLED
Uncontrolled term Paris Match, du20 au 26 septembre. №3619 . 2018
653 ## - INDEX TERM--UNCONTROLLED
Uncontrolled term Периодика
653 ## - INDEX TERM--UNCONTROLLED
Uncontrolled term პერიოდიკა
942 ## - ADDED ENTRY ELEMENTS (KOHA)
Koha item type პერიოდიკა
ეგზემპლარები
Withdrawn status Lost status Damaged status Not for loan Date acquired Barcode Date last seen Price effective from Koha item type Public note Source of classification or shelving scheme Permanent Location Current Location Serial Enumeration / chronology Copy number
        2018-12-17 p79678 2018-12-17 2018-12-17 პერიოდიკა პერიოდიკა          
      შიდა ფონდი 2019-05-10 p80028 2019-05-10 2019-05-10 პერიოდიკა     ბათუმის შოთა რუსთაველის სახელმწიფო უნივერსიტეტის მთავარი ბიბლიოთეკა ბათუმის შოთა რუსთაველის სახელმწიფო უნივერსიტეტის მთავარი ბიბლიოთეკა N (3631) du 13 au 19 decembre (2018) p80028
      შიდა ფონდი 2019-05-10 p80027 2019-05-10 2019-05-10 პერიოდიკა     ბათუმის შოთა რუსთაველის სახელმწიფო უნივერსიტეტის მთავარი ბიბლიოთეკა ბათუმის შოთა რუსთაველის სახელმწიფო უნივერსიტეტის მთავარი ბიბლიოთეკა N (3632) du 20 au 25 decembre (2018) p80027
      შიდა ფონდი 2019-05-10 p80026 2019-05-10 2019-05-10 პერიოდიკა     ბათუმის შოთა რუსთაველის სახელმწიფო უნივერსიტეტის მთავარი ბიბლიოთეკა ბათუმის შოთა რუსთაველის სახელმწიფო უნივერსიტეტის მთავარი ბიბლიოთეკა N (3593) du 22 au 28 mars (2018) p80026